00454nam a2200181Ia 450000500170000000800410001702000180005804000190007604100120009508200140010710000190012124500500014026000260019030000100021650400200022665000150024685000110026120240320135938.0131103s9999 xx 000 0 und d a0 75380 998 2 aLoreto College aEnglish a150 bRIC aRichardson,Ken 4aThe Making of Intelligence cKen Richardson aLondonbPhcenixc1999 a350p  aIncludes index- aPsychology aLCBED